Actors who worked with J. J. Abrams - Statistics

General Stats
  • This quiz has been taken 46 times
  • The average score is 21 of 53
Answer Stats
Films Answer % Correct
Mission: Impossible III Tom Cruise
96%
Star Wars: The Force Awakens, Star Wars: The Rise of Skywalker Adam Driver
92%
Star Wars: The Force Awakens Harrison Ford
92%
Star Wars: The Force Awakens, Star Wars: The Rise of Skywalker Carrie Fisher
88%
Star Trek, Star Trek Into Darkness Chris Pine
88%
Star Wars: The Force Awakens, Star Wars: The Rise of Skywalker John Boyega
85%
Star Wars: The Force Awakens, Star Wars: The Rise of Skywalker Daisy Ridley
81%
Star Wars: The Force Awakens, Star Wars: The Rise of Skywalker Mark Hamill
77%
Star Wars: The Force Awakens, Star Wars: The Rise of Skywalker Oscar Isaac
77%
Star Wars: The Force Awakens, Mission: Impossible III, Star Trek, Star Trek Into Darkness Simon Pegg
69%
Star Trek, Star Trek Into Darkness Zoe Saldana
69%
Super 8 Elle Fanning
65%
Star Trek Into Darkness Benedict Cumberbatch
62%
Star Wars: The Force Awakens, Star Wars: The Rise of Skywalker Lupita Nyong'o
58%
Star Trek, Star Trek Into Darkness Zachary Quinto
58%
Star Wars: The Force Awakens Andy Serkis
54%
Mission: Impossible III Maggie Q
54%
Mission: Impossible III Philip Seymour Hoffman
50%
Star Wars: The Force Awakens Gwendoline Christie
42%
Star Trek, Star Trek Into Darkness Karl Urban
42%
Star Wars: The Force Awakens, Star Wars: The Rise of Skywalker Domhnall Gleeson
38%
Mission: Impossible III Michelle Monaghan
38%
Star Trek Chris Hemsworth
35%
Star Wars: The Rise of Skywalker Dominic Monaghan
35%
Star Wars: The Rise of Skywalker, Mission: Impossible III Keri Russell
35%
Star Wars: The Force Awakens Peter Mayhew
35%
Star Trek, Star Trek Into Darkness John Cho
31%
Mission: Impossible III Laurence Fishburne
31%
Mission: Impossible III Ving Rhames
31%
Star Wars: The Force Awakens, Star Wars: The Rise of Skywalker Anthony Daniels
27%
Mission: Impossible III Billy Crudup
27%
Star Wars: The Rise of Skywalker Ian McDiarmid
27%
Star Trek Into Darkness Alice Eve
23%
Star Trek, Star Trek Into Darkness Anton Yelchin
23%
Star Wars: The Rise of Skywalker Billy Dee Williams
23%
Star Trek Eric Bana
23%
Super 8 Kyle Chandler
23%
Star Wars: The Rise of Skywalker Richard E. Grant
23%
Mission: Impossible III Aaron Paul
19%
Star Trek, Star Trek Into Darkness Leonard Nimoy
19%
Super 8, Star Trek, Star Trek Into Darkness Bruce Greenwood
15%
Super 8 Joel Courtney
15%
Mission: Impossible III Jonathan Rhys Meyers
15%
Star Wars: The Force Awakens, Star Wars: The Rise of Skywalker Joonas Suotamo
15%
Star Wars: The Rise of Skywalker Kelly Marie Tran
15%
Star Wars: The Rise of Skywalker Naomi Ackie
15%
Star Trek Into Darkness Peter Weller
15%
Star Trek Winona Ryder
15%
Star Wars: The Force Awakens, Star Wars: The Rise of Skywalker Billie Lourd
12%
Super 8 Caitriona Balfe
12%
Star Wars: The Force Awakens Max von Sydow
8%
Super 8 Noah Emmerich
8%
Super 8 Riley Griffiths
4%
No matching quizzes found
Score Distribution
Percent of People with Each Score
Percentile by Number Answered
Your Score History
You have not taken this quiz